000 01116cam a2200301 a 4500
001 34241
003 BD-RjUL
005 20211209052127.0
008 140514t19821981ii b 101 0 eng
035 _a(BD-RjUL)34335
040 _aDLC
_cDLC
_dBD-RjUL
_beng
041 _aeng
082 0 0 _a305.906940954
_219
_bDEP 1982
245 0 0 _aDeprivation :
_bits social roots and psychological consequences /
_cedited by Durganand Sinha, R.C. Tripathi, Girishwar Misra.
260 _aNew Delhi :
_bConcept,
_cc1981 [Published 1982].
300 _axii, 269 p. ;
_c23 cm.
504 _aIncludes bibliographical references and index.
650 0 _aPeople with social disabilities
_zIndia
_vCongresses.
_9104072
650 0 _aPoor
_zIndia
_vCongresses.
_9104073
650 0 _aDeprivation (Psychology)
_vCongresses.
_9104074
650 0 _aSocial work with people with social disabilities
_zIndia
_vCongresses.
_9104075
700 1 _aSinha, Durganand.
_990768
700 1 _aTripathi, Rama Charan.
_9104076
700 1 _aMisra, Girishwar,
_d1951-
_96716
942 _2ddc
_cBK
999 _c34241
_d34241